KOHA-Header-6

تاریخ پشتون (Record no. 13779)

000 -LEADER
fixed length control field 00393nam a22001097a 4500
082 ## - DEWEY DECIMAL CLASSIFICATION NUMBER
Classification number 891.43
100 ## - MAIN ENTRY--AUTHOR NAME
Personal name سردار شیر محمّد خان گنڈاپور
245 ## - TITLE STATEMENT
Title تاریخ پشتون
Remainder of title (تاریخ خورشید جہاں کا اردو ترجمہ)
260 ## - PUBLICATION, DISTRIBUTION, ETC. (IMPRINT)
Place of publication لاہور
Name of publisher شیخ شوکت علی پرنٹرز اینڈ پبلشرز
Year of publication ٢٠٠٣
300 ## - PHYSICAL DESCRIPTION
Number of Pages ٦٩٠ صفحات
942 ## - ADDED ENTRY ELEMENTS (KOHA)
Koha item type Books
Holdings
Withdrawn status Lost status Collection code Permanent Location Current Location Shelving location Date acquired Full call number Accession Number Koha item type
    Pakistan Studies / History MAJU MAJU Shelf No.A30 2023-05-29 891.43 10874 Books

Powered by Koha